000
00294nam a2200121Ia 4500
008
190216s9999||||xx |||||||||||||| ||und||
100
_a
Agarwal Op
245
0
_a
Objective Chemistry
260
_b
"Avadh Prakashan , Agra"
_c
1982
300
_a
330
650
_a
Chemistry-Chemistry
942
_c
REF
999
_c
36200
_d
36200